III. Iván és Mátyás kapcsolataihoz

Elmentve itt :
Bibliográfiai részletek
Szerző: Ágoston Magdolna
Dokumentumtípus: Cikk
Megjelent: 1975
Sorozat:Acta Universitatis Szegediensis : acta iuvenum : sectio historica 7
Kulcsszavak:III. Iván - cár, Hunyadi Mátyás - király, Magyarország története - 15. sz., Oroszország története - 15. sz.
Tárgyszavak:
Online Access:http://acta.bibl.u-szeged.hu/6094
LEADER 00838nab a2200205 i 4500
001 acta6094
005 20260126131924.0
008 161015s1975 hu o 000 hun d
022 |a 0324-6523 
040 |a SZTE Egyetemi Kiadványok Repozitórium  |b hun 
041 |a hun 
100 1 |a Ágoston Magdolna 
245 1 0 |a III. Iván és Mátyás kapcsolataihoz  |h [elektronikus dokumentum] /  |c  Ágoston Magdolna 
260 |c 1975 
300 |a 107-124 
490 0 |a Acta Universitatis Szegediensis : acta iuvenum : sectio historica  |v 7 
650 4 |a Bölcsészettudományok 
650 4 |a Történettudomány és régészet 
695 |a III. Iván - cár, Hunyadi Mátyás - király, Magyarország története - 15. sz., Oroszország története - 15. sz. 
856 4 0 |u http://acta.bibl.u-szeged.hu/6094/1/iuvenum_historica_007_107-124.pdf  |z Dokumentum-elérés